| 000 | 01102nam a2200301 a 4500 | ||
|---|---|---|---|
| 001 | 000109696 | ||
| 003 | CHAP | ||
| 005 | 20220329144100.0 | ||
| 008 | 140520s2014 mx sm |||||||spa d | ||
| 010 | _a106158 | ||
| 011 | _a107130 | ||
| 040 | _cCHAP | ||
| 090 | _aTesis | ||
| 100 | 1 |
_aCortés Castillejos, Rodrigo Ignacio _9126952 |
|
| 245 | 1 | 0 |
_aManejo de resistencia al frío de Tamarix chinensis en el ex Lago de Texcoco, México _h[En línea] _cpor Rodrigo Ignacio Cortés Castillejos. |
| 260 |
_aChapingo, Méx. : _bEl autor, _c2014. |
||
| 500 | _aPara ver el contenido del material haga clic en la liga | ||
| 502 | _aTesis (MC. en Forestales ) -- UACH. Departamento División de Ciencias Forestales | ||
| 590 |
_aBATCH-UPD _b05 _c20141002 _lUCH01 _h0904 |
||
| 590 |
_aE5765TAJ _b05 _c20140520 _lUCH01 _h1332 |
||
| 590 |
_aE5765TAJ _b05 _c20140520 _lUCH01 _h1332 |
||
| 650 | 1 | 4 |
_aFertilizantes potásicos. _940644 |
| 650 | 1 | 4 |
_aFrío _xEfecto en plantas. _943542 |
| 856 |
_aFinding aid _uhttp://10.13.5.2/tesis/sist109696.pdf _zTeclea aquí |
||
| 901 | _aBK | ||
| 942 | _cTESIS | ||
| 942 | _n0 | ||
| 999 |
_c106158 _d106158 |
||